| 000 | 00305 a2200133 4500 | ||
|---|---|---|---|
| 999 |
_c324947 _d324947 |
||
| 001 | 89874 | ||
| 003 | NUST | ||
| 082 | _a813.54 BRO | ||
| 100 |
_aBrown Dan _99885 |
||
| 245 |
_aThe Lost Symbol _hEnglish |
||
| 260 |
_aLondon _bBantam Press _c2009 |
||
| 300 | _a509p. | ||
| 500 | _aGeneral Books | ||
| 942 |
_aCAE NUST _cBK _k813.54 BRO _2ddc |
||